Pays traversés par l'équateur - Statistiques

Statistiques générales
  • Ce quiz a été pris 42 fois
  • Le résultat moyen est 10 sur 12
Réponses sur la Carte
Les réponses sont colorées sur une échelle allant du rouge au vert en fonction du pourcentage des utilisateurs qui les ont devinées à leur premier essai. Vous pouvez retrouver ces pourcentages ci-dessous.
 
Statistiques - réponses
Réponse % Correct
Brésil
98%
Colombie
98%
Equateur
98%
République Démocratique du Congo
95%
Indonésie
93%
République du Congo
90%
Kenya
85%
Gabon
83%
Ouganda
83%
Somalie
80%
Kiribati
65%
Sao Tomé et Principe
55%
Aucun quiz correspondant
Distribution des résultats
% des personnes avec chaque résultat
Percentile par nombre de réponses
Votre historique - résultats
Vous n’avez pas pris ce quiz